000
00331nam a2200133Ia 4500
008
240624s9999 xx 000 0 und d
041
_a
eng
082
_a
332.6092 DER
100
_a
DERMAN EMANUEL
245
_a
MY LIFE AS A QUANT REFLECTIONS ON PHYSIC
260
_c
2007
_a
New Jersey
_b
Wiley
300
_a
292 : p.
365
_c
_b
25
999
_c
16962
_d
16962